000
00249nam a2200097 a 4500
008
111125s2006|||| d
245
1
0
_a
ZEmplínska šírava a súčasnosť
260
_b
Média Group
_a
Bratislava
_c
2006
020
_c
20
044
_a
xo
_c
SK
999
_c
19871
_d
19871